LEADER 01015nam a2200253 i 4500 001 000000152513 003 CaOOAMICUS 005 20060816000000.0 008 060816s1948 it u000 u spa u 013 $a129854 040 $aSeMil$bita 100 0 $aJuan : de la Cruz,$c.$0(OLS)http://semarc/name/3819 245 10$aObras de San Juan de la Cruz :$bDoctor de la Iglesia. 250 $a5. ed. 260 $aMadrid :$bApostolado de la Prensa,$c1948. 300 $a910 p. ;$c16 cm. 650 4$aGiovanni : della Croce - Opere.$0(OLS)http://semarc/subject/1199 850 $aSeMil 852 $aSeMil$W1$xVenegono$y1$m3H I 369$j104467$B104467$CSeMilBibl$Z2$F113644 $81 900 0 $aGiovanni : della Croce. 961 $aLascito: Gogna prof.ssa Silvia 996 $6245$aObras de San Juan de la Cruz :$bDoctor de la Iglesia$9(OLS)http://semarc/title/222985 996 $6260$aMadrid :$bApostolado de la Prensa$9(OLS)http://semarc/publisher/40696 LEADER 00842nam a2200217 4500 001 000000356852 003 CaOOAMICUS 005 20240122093042.0 008 240122s1837 it 000 u ita r 040 $aSeMil$bita 100 11$aCarrer, Luigi,$d<1801-1850>.$0(OLS)http://semarc/name/89629 245 10$aVol. 2 /$cdi Luigi Carrer. 264 1$aVenezia :$bCo' Tipi del gondoliere,$c1837. 300 $a280 p. ;$c14 cm 773 0 $aCarrer, Luigi <1801-1850>$tProse e poesie.$dVenezia : Co' Tipi del gondoliere, 1837.$g2$w()356850 850 $aSeMil 852 $aSeMil$W1$xVenegono$y1$m1Q I 15 FA$j245532$B248050$CSeMilBibl$Z2$F248050 $8I 941 1 $a10 996 $6245$aVol. 2$9(OLS)http://semarc/title/54073 996 $6264$aVenezia :$bCo' Tipi del gondoliere$9(OLS)http://semarc/publisher/34876 LEADER 01259nam a2200289 i 4500 001 000000171741 003 CaOOAMICUS 005 20080509000000.0 008 080509s2007 it u000 u ita u 013 $a149173 020 $a978-88-10-45004-8 040 $aSeMil$bita 245 13$aIl Vaticano 2. in Emilia-Romagna :$bapporti e ricezione /$ca cura di Maurizio Tagliaferri. 260 $aBologna :$bEDB,$c2007. 300 $a520 p. ;$c24 cm. 490 0 $aBiblioteca di teologia dell'evangelizzazione ;$v4 500 $aDono del Card. Dionigi Tettamanzi. 650 4$aConcilio Vaticano II <1962-1965> - Influssi - Emilia Romagna.$0(OLS)http://semarc/subject/32695 700 1 $aTagliaferri, Maurizio.$0(OLS)http://semarc/name/8496 830 0$aBiblioteca di teologia dell'evangelizzazione ;$v4.$0(OLS)http://semarc/title/25697 850 $aSeMil 852 $aSeMil$W1$xVenegono$y1$m2A IV 424$j122605$B122605$CSeMilBibl$Z2$F134107 $81 941 1 $a5 961 $aOmaggio: Tettamanzi Card. Dionigi 996 $6020$a978-88-10-45004-8$9(OLS)http://semarc/number/158941 996 $6245$aIl Vaticano 2. in Emilia-Romagna :$bapporti e ricezione$9(OLS)http://semarc/title/245760 996 $6260$aBologna :$bEDB$9(OLS)http://semarc/publisher/29669 LEADER 01390nam a2200301 4500 001 000000340636 003 CaOOAMICUS 005 20200617153616.0 008 200617s1678 it 000 u lat r 026 $ai.o- s.i. t.ru Cous (3) 1678 (A) 040 $aSeMil$bita 110 01$aConfraternita dei Disciplinati .$0(OLS)http://semarc/name/111473 245 00$aOfficium defunctorum ad usum Confraternitatis Disciplinorum civitatis Mediolani. 264 1$aMediolani :$bApud Marcum Antonium Pandulphum Malatestam Reg. ac Cam. Typographum,$c1678. 300 $a52 p. ;$c4° 500 $aIniz. xilogr. 500 $aFront. entro cornice xilogr. 500 $aVignetta xilogr. (teschio) sul front. 500 $aSegn.: A-E4 F6 650 4$aCongregazioni e confraternite religiose - Milano - Sec. 16.-18.$0(OLS)http://semarc/subject/49109 700 1 $aMalatesta, Marco Antonio Pandolfo,$c.$0(OLS)http://semarc/name/7288 752 $aIT$dMilano 850 $aSeMil 852 $aSeMil$W1$xVenegono$y1$m3Z V 12/11 FA$j219516$B231708$CSeMilBibl$Z2$F231708 $8I 941 1 $a10 996 $6245$aOfficium defunctorum ad usum Confraternitatis Disciplinorum civitatis Mediolani$9(OLS)http://semarc/title/429696 996 $6264$aMediolani :$bApud Marcum Antonium Pandulphum Malatestam Reg. ac Cam. Typographum$9(OLS)http://semarc/publisher/59026 LEADER 00843nam a2200193 4500 001 000000353664 003 CaOOAMICUS 005 20250702123201.0 008 230508s1969 it 000 u ita r 040 $aSeMil$bita 245 10$a[3]: Rappresentazione di Santa Agata vergine. 264 1$aFirenze :$bOlschki,$c1969. 300 $aP. 55-62 doppie :$bill. ;$c24 cm 773 0 $aCentro di ricerche teatrali$tSacre rappresentazioni toscane dei secoli 15. e 16..$bRistampa anastatica.$dFirenze : Leo S. Olschki, 1969.$g3$w()164648 850 $aSeMil 852 $aSeMil$W1$xVenegono$y1$m1A III 95/3$j258947$B254305$CSeMilBibl$Z2$F254305 $81 996 $6245$a[3]: Rappresentazione di Santa Agata vergine$9(OLS)http://semarc/title/443770 996 $6264$aFirenze :$bOlschki$9(OLS)http://semarc/publisher/30137 LEADER 00485nam a2200133 i 4500 001 000000001339 003 CaOOAMICUS 005 20180830125434.0 008 180830s1957 it u000 u ita u 040 $aSeMil$bita 100 1 $aParodi, Giacomo Ernesto.$0(OLS)http://semarc/name/1199 245 10$aOpere. 774 0 $aParodi, Giacomo Ernesto$tPoesia e storia nella Divina Commedia.$dVicenza : Neri Pozza, 1965.$kNuova biblioteca di cultura$g2$w()41401 996 $6245$aOpere$9(OLS)http://semarc/title/2179